[Event "Amber-rapid 5th"]
[Site "Monte Carlo"]
[Date "1996.??.??"]
[Round "3"]
[White "Xie Jun"]
[Black "Ljubojevic, Ljubomir"]
[Result "1/2-1/2"]
[WhiteElo "2530"]
[BlackElo "2600"]

1.e4 c5 2.Nf3 Nc6 3.d4 cxd4 4.Nxd4 g6 5.c4 Bg7 6.Be3 Nf6 7.Nc3 Ng4 8.Qxg4 Nxd4
9.Qd1 Ne6 10.Rc1 Qa5 11.Be2 b6 12.O-O Bb7 13.f3 h5 14.Qd2 h4 15.Rfd1 d6 16.a3 g5
17.b4 Qe5 18.Nd5 Kf8 19.a4 Bc6 20.a5 bxa5 21.b5 Bxd5 22.cxd5 Nc5 23.Qxa5 Bf6
24.Bxc5 dxc5 25.b6 Qb2 26.Qxc5 axb6 27.Qc2 Ra2 28.Qxb2 Rxb2 29.Kf1 Kg7 30.Rb1 Rc8
31.Rxb2 Bxb2 32.d6 exd6 33.Rxd6 Be5 34.Rd5 Kf6 35.Bd3 Bxh2 36.Rf5+ Kg6 37.e5 Rc7
38.Be4 Kh6 39.e6 fxe6 40.Rf6+ Kg7 41.Rxe6  1/2-1/2

[Event "Amber-rapid 5th"]
[Site "Monte Carlo"]
[Date "1996.??.??"]
[Round "5"]
[White "Shirov, Alexei"]
[Black "Ljubojevic, Ljubomir"]
[Result "1-0"]
[WhiteElo "2690"]
[BlackElo "2600"]

1.e4 e6 2.d4 d5 3.Nc3 Bb4 4.e5 c5 5.a3 Ba5 6.b4 cxd4 7.Qg4 Ne7 8.bxa5 dxc3
9.Qxg7 Rg8 10.Qxh7 Nbc6 11.f4 Bd7 12.Rb1 Nxa5 13.Nf3 Qc7 14.Nd4 a6 15.g3 Qc5
16.Be3 Qxa3 17.Be2 Nc4 18.Bxc4 dxc4 19.O-O b5 20.Ra1 Qb4 21.Rfb1 Qc5 22.Nf5 Qc6
23.Nd6+ Kd8 24.Qxf7 Be8 25.Qxe6 Rg6 26.Nf7+ Bxf7 27.Qxf7 Qe8 28.e6 Kc7 29.Bc5 Qxf7
30.exf7 Nd5 31.Rxb5 Rf6 32.Bd4  1-0

[Event "Amber-rapid 5th"]
[Site "Monte Carlo"]
[Date "1996.??.??"]
[Round "9"]
[White "Ljubojevic, Ljubomir"]
[Black "Karpov, Anatoly"]
[Result "1/2-1/2"]
[WhiteElo "2600"]
[BlackElo "2770"]

1.e4 c6 2.d4 d5 3.e5 Bf5 4.Nf3 e6 5.Be2 h6 6.O-O Ne7 7.b3 a5 8.c4 a4 9.Nc3 axb3
10.Qxb3 dxc4 11.Qxb7 Nd7 12.Bd2 Nb6 13.a4 Rb8 14.Qa6 Ra8 15.Qb7 Rb8 16.Qa6 Ra8  1/2-1/2

[Event "Pamplona9596"]
[Site "Pamplona"]
[Date "1996.??.??"]
[Round "?"]
[White "Ljubojevic, Ljubomir"]
[Black "Izeta Txabarri, Felix"]
[Result "1/2-1/2"]
[WhiteElo "2600"]
[BlackElo "2495"]

1.e4 e5 2.Nf3 Nc6 3.Bb5 a6 4.Ba4 Nf6 5.O-O Bc5 6.c3 b5 7.Bb3 d6 8.d4 Bb6
9.h3 Bb7 10.Re1 h6 11.Be3 O-O 12.Nbd2 exd4 13.cxd4 Nb4 14.Qb1 c5 15.a3 Nc6
16.e5 dxe5 17.dxc5 Bc7 18.Qc2 e4 19.Nxe4 Nxe4 20.Qxe4 Na5 21.Qc2 Bxf3 22.gxf3 Nxb3
23.Qxb3 Qf6 24.Kg2 Qg6+ 25.Kh1 Qf5 26.Kg2 Rae8 27.Rad1 Qg6+ 28.Kf1 Qf5 29.Kg2 Qg6+
30.Kf1 Ba5 31.Re2 Qf5 32.Kg2 Re6 33.Rd4 Rg6+ 34.Rg4 h5 35.Rxg6 Qxg6+ 36.Kf1 Qf5
37.Kg2 Qg6+ 38.Kf1 Qf5 39.Kg2 Qg6+  1/2-1/2

[Event "Pamplona9596"]
[Site "Pamplona"]
[Date "1996.??.??"]
[Round "?"]
[White "Ljubojevic, Ljubomir"]
[Black "De la Villa Garcia, Jesus Maria"]
[Result "1/2-1/2"]
[WhiteElo "2600"]
[BlackElo "2500"]

1.e4 e6 2.d3 d5 3.Nd2 c5 4.Ngf3 Nc6 5.g3 Bd6 6.Bg2 Nge7 7.O-O O-O 8.Re1 f6
9.c3 Bd7 10.a3 a5 11.d4 cxd4 12.exd5 exd5 13.Nxd4 Nxd4 14.cxd4 Qb6 15.Nb1 Rad8
16.Nc3 Kh8 17.Qd3 Rfe8 18.h3 Nf5 19.Rd1 Ne7 20.Be3 Qxb2 21.Rab1 Qxa3 22.Bc1 Bf5
23.Bxa3 Bxd3 24.Bxd6 Bxb1 25.Bxe7 Rxe7 26.Rxb1 Rc7 27.Nxd5 Rc4 28.Rxb7 Rxd4
29.Ra7 Rd1+ 30.Kh2 Rd2 31.Rxa5 Rxf2 32.g4 Rd2 33.Kg3 Rb2 34.Bf3 Rb3 35.h4 Rbb8
36.Nf4 Rd7 37.h5 Rc7 38.Ra3 Rbc8 39.Ra6 Rb8 40.h6 gxh6 41.Rxf6 Ra7 42.Bd5 Rd7
43.Rxh6 Rb1 44.Rf6 Rb8 45.Kh4 Rg7 46.Kh5 Rd8 47.g5 Rb8 48.Kh6 Rd7 49.g6 Rg7
50.Be4 hxg6 51.Nxg6+ Rxg6+ 52.Bxg6 Rg8 53.Bh7 Rd8 54.Be4 Rg8 55.Re6 Rg3 56.Re5 Rg1
57.Rf5 Rg3 58.Bf3 Rg1 59.Rf4 Rg3 60.Bg4 Rxg4  1/2-1/2

[Event "Villarrobledo rapid op"]
[Site "Villarrobledo"]
[Date "1997.08.24"]
[Round "7"]
[White "Giorgadze, Giorgi"]
[Black "Ljubojevic, Ljubomir"]
[Result "0-1"]
[WhiteElo "2625"]
[BlackElo "2565"]

1.e4 c5 2.Nc3 Nc6 3.g3 g6 4.Bg2 Bg7 5.d3 d6 6.f4 e6 7.Nf3 Nge7 8.O-O f5 9.Be3 Nd4
10.Rb1 O-O 11.Ne2 e5 12.c3 Ne6 13.Qd2 Rb8 14.b4 cxb4 15.cxb4 b6 16.Rbc1 Bb7
17.Nc3 Rc8 18.fxe5 dxe5 19.Ng5 Nxg5 20.Bxg5 Qd4+ 21.Kh1 Qxb4 22.exf5 Bxg2+
23.Qxg2 Nxf5 24.Qd5+ Kh8 25.Ne4 Rxc1 26.Rxc1 Qb2 27.Rf1 Qe2 28.Rf2 Qe1+ 29.Kg2 h6
30.g4 hxg5 31.gxf5 gxf5 32.Nxg5 Qd1 33.Nf7+ Kh7 34.Rf3 Qe2+ 35.Kh1 Rxf7 36.Rh3+ Kg8
37.Qd8+ Bf8 38.Rg3+ Kh7 39.Rh3+ Bh6 40.Rxh6+ Kxh6 41.Qh8+ Kg6 42.Qg8+ Kf6
43.Qd8+ Re7 44.Qf8+ Ke6  0-1

[Event "NLD-chT sf (HSG-LSG)"]
[Site "Breda"]
[Date "1997.??.??"]
[Round "1"]
[White "Konings, Leon"]
[Black "Ljubojevic, Ljubomir"]
[Result "0-1"]
[WhiteElo "2230"]
[BlackElo "2570"]

1.d4 Nf6 2.c4 e6 3.Nc3 Bb4 4.e3 d5 5.Qb3 Be7 6.Nf3 O-O 7.cxd5 exd5 8.Bd3 b6
9.O-O c5 10.Bb1 Nc6 11.Ne5 Bb7 12.Qc2 g6 13.f4 Rc8 14.Qd1 cxd4 15.Nxc6 Rxc6
16.exd4 Ne4 17.f5 Bf6 18.Ne2 Ba6 19.Bd3 Bxd3 20.Qxd3 Bg7 21.Be3 Re8 22.Nf4 Qd7
23.fxg6 hxg6 24.Rac1 Rxc1 25.Rxc1 Nd6 26.Bf2 Nf5 27.Rd1 Bh6 28.Qf3 Re4 29.Ne2 Ne3
30.Nc3 Nxd1 31.Nxe4 dxe4 32.Qxd1 e3 33.Be1 Qf5 34.d5 Qe4 35.Kf1 Qc4+ 36.Qe2 Qxd5
37.b3 Qf5+ 38.Kg1 Qe4 39.Kf1 Bg7 40.h3 Bd4 41.Qc4 a5 42.Qc8+ Kg7 43.Qg4 Qd3+
44.Qe2 Qf5+ 45.Qf3 Qe5 46.Ke2 Qb5+ 47.Kd1 Qd3+ 48.Kc1 Bc3 49.Bxc3+ Qxc3+
50.Kb1 Qe1+  0-1

[Event "Amber-blind 6th"]
[Site "Monte Carlo"]
[Date "1997.??.??"]
[Round "5"]
[White "Karpov, Anatoly"]
[Black "Ljubojevic, Ljubomir"]
[Result "1/2-1/2"]
[WhiteElo "2760"]
[BlackElo "2570"]

1.d4 Nf6 2.c4 e6 3.Nc3 d5 4.cxd5 exd5 5.Bg5 Be7 6.e3 h6 7.Bf4 O-O 8.Bd3 c5
9.dxc5 Nc6 10.Nf3 Bxc5 11.O-O a6 12.Rc1 Qe7 13.h3 Rd8 14.Re1 Be6 15.Ne2 Rac8
16.a3 Ba7 17.Ned4 Nxd4 18.Nxd4 Ne4 19.Qh5 Qf6 20.Qe5 Qxe5 21.Bxe5 Bd7 22.Ne2 Nc5
23.Bc2 Ne6 24.Bc3 Bb5 25.Bf5 Bxe2 26.Rxe2 d4 27.Bxe6 fxe6 28.exd4 Bxd4 29.Rxe6 Bxc3
30.bxc3 Rd3 31.Re3 Rxe3 32.fxe3 Rc4 33.Kf2 Ra4 34.c4 Rxa3 35.Kf3 Rb3 36.Ke4 Kf7
37.Rc2 Ke6 38.Ra2 Kd6 39.Ra5 Rb2 40.g4 Rc2 41.Kd4 Rd2+ 42.Kc3 Rg2 43.Rd5+ Kc6
44.Re5 Kd6 45.Rh5 b6 46.Rd5+ Kc6 47.Re5 Kd6 48.Rd5+ Kc6 49.Rf5 Rg3 50.Kd4 Rxh3
51.Rf7 Rh4 52.Rxg7 h5 53.Rg6+ Kc7 54.e4 Rxg4 55.Rh6 h4 56.Kd5 a5 57.Rh7+ Kd8
58.e5 a4 59.Ra7 h3 60.Rxa4 Rh4 61.Kd6 Rd4+ 62.Ke6 Rh4 63.Kd6 Rd4+ 64.Ke6 Rh4  1/2-1/2

[Event "Amber-rapid 6th"]
[Site "Monte Carlo"]
[Date "1997.??.??"]
[Round "7"]
[White "Ljubojevic, Ljubomir"]
[Black "Piket, Jeroen"]
[Result "1/2-1/2"]
[WhiteElo "2570"]
[BlackElo "2640"]

1.d4 Nf6 2.Nf3 g6 3.Bf4 Bg7 4.Nbd2 O-O 5.e3 d6 6.h3 c5 7.c3 b6 8.Bc4 Bb7
9.O-O Nbd7 10.Qe2 Rc8 11.a4 Re8 12.Bh2 h6 13.Bb5 cxd4 14.exd4 Rc7 15.Rfe1 Qa8
16.a5 bxa5 17.Rxa5 Kh7 18.Rea1 Bd5 19.c4 Bc6 20.Bxc6 Qxc6 21.Rxa7 Rxa7 22.Rxa7 e5
23.dxe5 dxe5 24.Qe3 Bf8 25.Ra5 Bc5 26.Rxc5 Qxc5 27.Qxc5 Nxc5 28.Bxe5 Nfd7
29.Bd6 Nd3 30.b3 f5 31.g4 Re6 32.Bc7 fxg4 33.hxg4 Re2 34.Bg3 Nf6 35.Kf1 Re6
36.g5 Nh5 37.Bc7 Rc6 38.Ba5 Nhf4 39.b4 Re6 40.b5 Re8 41.Bc7 Ne6 42.Bd6 Nec5
43.b6 Nb7 44.Bc7 h5 45.Nb3 Kg8 46.Kg2 Re2 47.Bg3 Rc2 48.Nfd2 Kf7 49.Kf3 Nb2
50.c5 Na4 51.Ne4 Rb2 52.c6 Rxb3+ 53.Kg2 Na5 54.Nc5 Rc3 55.b7 Nxc6 56.Nxa4 Rb3
57.Nc5 Rb5 58.Bd6 Rb2 59.Kf3 Rb4 60.Ke3 Ke8 61.f4 Rb6 62.Ke4 Kf7 63.Bc7 Rb4+
64.Kd5 Ne7+ 65.Ke5 h4 66.f5 gxf5 67.g6+ Nxg6+ 68.Kxf5 h3 69.b8=Q Nh4+ 70.Kg5 Rxb8
71.Bxb8 h2 72.Bxh2 Nf3+  1/2-1/2

[Event "Villarrobledo rapid op"]
[Site "Villarrobledo"]
[Date "1997.??.??"]
[Round "8"]
[White "Georgiev, Kiril"]
[Black "Ljubojevic, Ljubomir"]
[Result "1-0"]
[WhiteElo "2670"]
[BlackElo "2565"]

1.d4 Nf6 2.Nf3 e6 3.c4 b6 4.g3 Ba6 5.b3 c6 6.Bg2 d5 7.Nbd2 Nbd7 8.O-O Be7
9.Bb2 O-O 10.Re1 c5 11.e4 dxe4 12.Nxe4 Nxe4 13.Rxe4 Nf6 14.Re3 Bb7 15.Qe2 cxd4
16.Nxd4 Bxg2 17.Kxg2 Qc7 18.Nf5 Qc6+ 19.Kg1 Bd8 20.Nd4 Qb7 21.Rd1 a6 22.Qf3 Qxf3
23.Nxf3 Be7 24.Ne5 Rfd8 25.Red3 Rxd3 26.Rxd3 Rc8 27.a4 Kf8 28.Nd7+ Nxd7 29.Rxd7 Bc5
30.Kf1 a5 31.Ke2 h5 32.h3 Ke8 33.Rb7 Kf8 34.g4 hxg4 35.hxg4 f6 36.f4 Rc6
37.g5 e5 38.fxe5 fxe5 39.Kf3 Bd4 40.Bxd4 exd4 41.Ke4 Rd6 42.Kd3 Kg8 43.Rc7 Kh7
44.c5 bxc5 45.Rxc5 Ra6 46.Kxd4 Kg6 47.Kc4 Ra8 48.b4 axb4 49.Kxb4 Rb8+ 50.Kc4 Kf7
51.Re5 Rc8+ 52.Kb5 Rb8+ 53.Kc6 Rc8+ 54.Kb7 Rc1 55.Rb5 Ke6 56.a5 Kd6 57.a6 Rc7+
58.Kb8 Kc6 59.Rc5+  1-0

[Event "Amber-blind 7th"]
[Site "Monte Carlo"]
[Date "1998.03.17"]
[Round "5"]
[White "Ljubojevic, Ljubomir"]
[Black "Karpov, Anatoly"]
[Result "1/2-1/2"]
[WhiteElo "2565"]
[BlackElo "2735"]

1.e4 c6 2.d4 d5 3.Nd2 dxe4 4.Nxe4 Nd7 5.Ng5 Ngf6 6.Bd3 e6 7.Qe2 Bd6 8.N1f3 h6
9.Ne4 Nxe4 10.Qxe4 Qc7 11.Qg4 Kf8 12.Nd2 e5 13.Nc4 Nc5 14.Qg3 Nxd3+ 15.Qxd3 Be6
16.dxe5 Bxe5 17.Nxe5 Qxe5+ 18.Be3 Qxb2 19.O-O Qb5 20.Qxb5 cxb5 21.Rfb1 a6
22.a4 Bf5 23.axb5 Rc8 24.bxa6  1/2-1/2

[Event "Amber-rapid 7th"]
[Site "Monte Carlo"]
[Date "1998.03.18"]
[Round "6"]
[White "Ljubojevic, Ljubomir"]
[Black "Piket, Jeroen"]
[Result "1/2-1/2"]
[WhiteElo "2565"]
[BlackElo "2575"]

1.d4 Nf6 2.Nf3 e6 3.Bg5 c5 4.e3 Be7 5.Nbd2 b6 6.c3 Bb7 7.Bd3 h6 8.Bxf6 Bxf6
9.Qe2 Nc6 10.Ba6 Bxa6 11.Qxa6 O-O 12.O-O Rb8 13.a4 Qc8 14.Qd3 d5 15.Rfb1 a5
16.Rd1 Rd8 17.Qe2 Qb7 18.Nb1 Rd7 19.Na3 Rbd8 20.Nb5 Qb8 21.Rd2 g6 22.Rad1 Bg7
23.g3 Qb7 24.h4 h5 25.Qf1 c4 26.Qg2 Re7 27.Re2 Na7 28.Nxa7 Qxa7 29.e4 Qd7
30.Ra1 dxe4 31.Rxe4 Qc6 32.Re2 Rc7 33.Nd2 Qd5 34.Ne4 e5 35.dxe5 Qxe5 36.Rae1 Qf5
37.Ng5 Bf6 38.Re8+ Kg7 39.Rxd8 Bxd8 40.Qe4 Bxg5 41.Qxf5 gxf5 42.hxg5 Kg6
43.f4 Rd7 44.Re2 Rd1+ 45.Kg2 Rb1 46.Kf3 Rf1+ 47.Rf2 Rd1 48.Re2 Rf1+ 49.Ke3 Rg1
50.Kf2 Rh1 51.Kg2 Rb1 52.Kf3 Rf1+ 53.Ke3  1/2-1/2

[Event "Amber-rapid 7th"]
[Site "Monte Carlo"]
[Date "1998.03.20"]
[Round "7"]
[White "Sadler, Matthew"]
[Black "Ljubojevic, Ljubomir"]
[Result "0-1"]
[WhiteElo "2650"]
[BlackElo "2565"]

1.d4 Nf6 2.c4 e6 3.Nc3 d5 4.Bg5 Be7 5.e3 h6 6.Bh4 O-O 7.Nf3 b6 8.Bd3 Bb7
9.O-O dxc4 10.Bxc4 Nbd7 11.Bg3 a6 12.a4 Nh5 13.e4 Nxg3 14.hxg3 Bb4 15.Qe2 Qe7
16.Rad1 Rfd8 17.e5 Nf8 18.Rd3 Qe8 19.Bb3 a5 20.Rdd1 Ba6 21.Bc4 Bxc4 22.Qxc4 Rac8
23.Qb3 Ng6 24.Ne4 Qc6 25.Nc3 Ne7 26.g4 Bxc3 27.bxc3 Qe4 28.Nh2 Qd5 29.c4 Qe4
30.Rfe1 Qg6 31.d5 Rd7 32.d6 Nc6 33.c5 Nb4 34.cxb6 cxd6 35.Rxd6 Rb7 36.Red1 Qg5
37.Qb1 Nd5 38.Qe4 Rcb8 39.Nf3 Qe7 40.Qe1 Nxb6 41.Qxa5 Nc4 42.Rd8+ Kh7 43.Qa6 Rxd8
44.Rxd8 Rb1+ 45.Kh2 Qxd8 46.Qxc4 Kg8 47.Kg3 Ra1 48.Qc6 Ra3 49.Kh2 g6 50.Kh3 Kg7
51.Kh2 Qa5 52.Qc1 Rxa4 53.g5 h5 54.Qe3 Qb4 55.g3 Ra3 56.Qe2 Qg4 57.Kg2 h4  0-1

[Event "NLD-chT sf"]
[Site "Breda"]
[Date "1998.??.??"]
[Round "?"]
[White "Ljubojevic, Ljubomir"]
[Black "Gelpke, Peter"]
[Result "1/2-1/2"]
[WhiteElo "2565"]
[BlackElo "2405"]

1.Nf3 d6 2.d4 g6 3.e4 Bg7 4.Be2 Nf6 5.Nc3 O-O 6.O-O b6 7.Re1 Bb7 8.Bf1 c5
9.d5 Na6 10.h3 Nc7 11.Bf4 a6 12.a4 Qd7 13.Qd3 Rfc8 14.Rab1 c4 15.Qe3 b5 16.b3 b4
17.bxc4 bxc3 18.Rxb7 Ncxd5 19.Rxd7 Nxe3 20.Rxe7 Nxf1 21.Kxf1 Rxc4 22.Bxd6 Rxa4
23.Be5 Nxe4 24.Bxg7 Nd2+ 25.Nxd2 cxd2 26.Rd1 Kxg7 27.Rxd2 Ra1+ 28.Ke2 Kf8
29.Rdd7 Re8 30.Rxe8+ Kxe8 31.Rc7 h5 32.h4 Ra4 33.g3 Re4+ 34.Kd3 Re6 35.c4 Rf6  1/2-1/2

[Event "Amber Rapidplay"]
[Site "Monte Carlo"]
[Date "1999.03.19"]
[Round "4"]
[White "Ljubojevic, Ljubomir"]
[Black "Shirov, Alexei"]
[Result "0-1"]
[WhiteElo "2571"]
[BlackElo "2726"]

1.d4 d5 2.Nf3 c6 3.c4 e6 4.Qc2 Nf6 5.Nbd2 Nbd7 6.a3 Bd6 7.e4 e5 8.cxd5 cxd5
9.exd5 exd4 10.Nc4 Bb8 11.Qe2+ Kf8 12.Bd2 Nxd5 13.Nxd4 N7f6 14.g3 Bg4 15.f3 Bd7
16.Bg2 b5 17.Ba5 Bc7 18.Bxc7 Qxc7 19.Ne5 Nc3 20.Nxd7+ Qxd7 21.Qd3 Re8+ 22.Kf2 Na4
23.Qd2 g6 24.h4 Kg7 25.h5 Rhf8 26.h6+ Kg8 27.Rad1 a6 28.b3 Nc5 29.Qb2 Qa7
30.Rd2 Qe7 31.Nc2 Rd8 32.Rhd1 Rxd2+ 33.Rxd2 Rd8 34.Rxd8+ Qxd8 35.Qd4 Qe7
36.b4 Ne6 37.Qe5 Nd7 38.Qe3 Qd6 39.Bh3 f5 40.Qc3 Nb6 41.Bf1 Nd5 42.Qc8+ Kf7
43.Be2 f4 44.g4 Ne3 45.Qc3 Nxc2 46.Qxc2 Kf6 47.Qd3 Qxd3 48.Bxd3 Kg5 49.Be4 Kxh6
50.Bb7 Nc7 51.Ke2 Kg5 52.Kd3 h5 53.gxh5 gxh5 54.Bc8 Ne8 55.Kd4 Nd6 56.Bh3 Kh4
57.Be6 Kg3 58.Kc5 Nc4 59.a4 Na3 60.a5 Nc2 61.Kb6 Nxb4 62.Kc5 Nd3+ 63.Kd4 Nc1
64.Kc5 h4 65.Bh3 Kxh3  0-1

[Event "Amber Rapidplay"]
[Site "Monte Carlo"]
[Date "1999.03.24"]
[Round "8"]
[White "Ljubojevic, Ljubomir"]
[Black "Piket, Jeroen"]
[Result "0-1"]
[WhiteElo "2571"]
[BlackElo "2619"]

1.d4 Nf6 2.Nf3 e6 3.c4 d5 4.Nc3 Bb4 5.Bg5 dxc4 6.e4 c5 7.Bxc4 cxd4 8.Nxd4 Bxc3+
9.bxc3 Qa5 10.Bb5+ Bd7 11.Bxf6 gxf6 12.Qb3 a6 13.Be2 Nc6 14.O-O Qc7 15.Rab1 Na5
16.Qc2 Rc8 17.Rfc1 Qe5 18.Qd3 Rc7 19.c4 O-O 20.Nf3 Qf4 21.g3 Qh6 22.Qa3 Nc6
23.Rc3 Rfc8 24.Rcb3 Nd8 25.Rd3 Qf8 26.Qb2 e5 27.Nh4 Nc6 28.Rxd7 Rxd7 29.Bg4 Rcd8
30.Bxd7 Rxd7 31.Nf5 Nd4 32.Qb6 Nxf5 33.exf5 Kg7 34.c5 Qc8 35.Rb4 Rd4 36.Rxd4 exd4
37.Qd6 d3 38.Qxd3 Qxc5 39.Kg2 b5 40.Qe4 a5 41.Qg4+ Kf8 42.Qe4 a4 43.Qd3 Kg7
44.Qe4 b4 45.Qg4+ Kf8 46.Qf3 Qb5 47.Qa8+ Kg7 48.Qe4 b3 49.axb3 axb3 50.Kf3 b2
51.Qb1 Qc6+  0-1

[Event "NED-chT Playoff"]
[Site "Breda"]
[Date "1999.05.13"]
[Round "1"]
[White "Ljubojevic, Ljubomir"]
[Black "Bosch, Jeroen"]
[Result "0-1"]
[WhiteElo "2571"]
[BlackElo "2476"]

1.d4 d5 2.Nf3 e6 3.c4 c5 4.cxd5 exd5 5.g3 Nc6 6.Bg2 Nf6 7.O-O Be7 8.Nc3 O-O
9.Bg5 cxd4 10.Nxd4 h6 11.Be3 Re8 12.Qa4 Bd7 13.Rad1 Nb4 14.Qb3 a5 15.a4 Rc8
16.Rc1 Bc5 17.h3 Qb6 18.Rfd1 Rxe3 19.fxe3 Qd6 20.Rf1 Qxg3 21.Rf3 Qe5 22.Qd1 Nh7
23.Qd2 Ng5 24.Rd1 Re8 25.Kf2 Nxf3 26.exf3 Qh5 27.Rh1 Qh4+ 28.Kf1 Bxd4 29.Qxd4 Qxd4
30.exd4 Nd3 31.Kg1 Nxb2 32.Kf2 Bc6 33.f4 Nd3+ 34.Kf3 Ne1+ 35.Kf2 Nxg2 36.Kxg2 Re3
37.Rc1 Rd3 38.Nb5 Bxb5 39.axb5 Rxd4 40.Rc7 Rxf4 41.Rxb7 Rb4  0-1

[Event "Amber Blindfold"]
[Site "Monaco MNC"]
[Date "2000.03.17"]
[Round "2"]
[White "Ljubojevic,L"]
[Black "Shirov,A"]
[Result "1/2-1/2"]
[WhiteElo "2559"]
[BlackElo "2751"]

1.d4 Nf6 2.c4 g6 3.Nc3 d5 4.cxd5 Nxd5 5.g3 Bg7 6.Bg2 Nxc3 7.bxc3 O-O 8.Nf3 c5
9.O-O cxd4 10.cxd4 Nc6 11.Rb1 Nxd4 12.Nxd4 Qxd4 13.Qxd4 Bxd4 14.Bh6 Rd8 15.Bxb7 Rb8
16.Bxc8 Rdxc8 17.Rxb8 Rxb8 18.Rd1 Bc5 19.Rd7 Rc8 20.a4 f5 21.Be3 Bxe3 22.fxe3 a6
23.Rxe7 Rc4 24.a5 Rc5 25.e4 fxe4  1/2-1/2

[Event "XVIII Rapidplay Open"]
[Site "Villarrobledo ESP"]
[Date "2000.08.19"]
[Round "3"]
[White "Ljubojevic,L"]
[Black "Romero Holmes,A"]
[Result "1-0"]
[WhiteElo "2559"]
[BlackElo "2473"]

1.d4 e6 2.c4 b6 3.a3 Bb7 4.Nc3 f5 5.Nf3 Nf6 6.d5 Be7 7.g3 Ne4 8.Bd2 Bf6 9.Rc1 c6
10.dxe6 dxe6 11.Bg2 c5 12.O-O O-O 13.Qc2 Nxd2 14.Nxd2 Bxg2 15.Kxg2 Nc6 16.Rcd1 Qe8
17.Nb5 Nd4 18.Nxd4 cxd4 19.b4 g6 20.Qb3 Rc8 21.Rc1 Kh8 22.Rc2 e5 23.Rfc1 Bg5
24.Qb2 Qe6 25.f4 Bf6 26.fxe5 Qxe5 27.Nf3 Qe3 28.Rd2 g5 29.Rd3 Qe4 30.Kg1 Rfd8
31.Rcd1 Rd7 32.Qd2 h6 33.Nxd4 Rxc4 34.Nxf5 Rxd3 35.Qxd3 Qxd3 36.Rxd3 Kh7
37.Kf2 Kg6 38.Ne3 Rc3 39.Rxc3 Bxc3 40.Kf3 b5 41.Ke4 Bb2 42.Nc2 Kh5 43.Kf5 a6
44.e4 Bc3 45.Ne3  1-0

[Event "XVIII Rapidplay Open"]
[Site "Villarrobledo ESP"]
[Date "2000.08.19"]
[Round "4"]
[White "Hoffman,A"]
[Black "Ljubojevic,L"]
[Result "1-0"]
[WhiteElo "2491"]
[BlackElo "2559"]

1.d4 Nf6 2.Nf3 g6 3.c3 Bg7 4.Bf4 O-O 5.e3 d6 6.h3 b6 7.Be2 Bb7 8.O-O Nbd7
9.a4 Qe8 10.a5 e5 11.Bh2 Qe7 12.Na3 Rfd8 13.Re1 Nf8 14.Qa4 e4 15.Nd2 Ne6
16.a6 Bc8 17.Qc2 Nf8 18.b4 h5 19.b5 Re8 20.c4 Bf5 21.Nab1 g5 22.Nc3 g4 23.hxg4 Nxg4
24.Nd5 Qd8 25.Nf1 Nxh2 26.Nxh2 h4 27.Qd1 Ne6 28.Rc1 Bh7 29.Bh5 Rf8 30.f4 f5
31.Rc2 Kh8 32.Nf1 Qd7 33.Qe2 Bxd4 34.exd4 Nxd4 35.Qf2 Nxc2 36.Qxc2 Qg7 37.Nfe3 Rac8
38.Qc3 Qxc3 39.Nxc3 Kg7 40.Kf2 Bg6 41.Bxg6 Kxg6 42.Ncd5 Rf7 43.Rh1 Rh8 44.Nb4 Rfh7
45.Nc6 Ra8 46.Nd5  1-0

[Event "TCh-NED Playoffs"]
[Site "Breda NED"]
[Date "2001.05.25"]
[Round "2"]
[White "Feygin,M"]
[Black "Ljubojevic,L"]
[Result "1-0"]
[WhiteElo "2471"]
[BlackElo "2566"]

1.e4 c5 2.c3 e6 3.d4 d5 4.exd5 exd5 5.Be3 cxd4 6.Qxd4 Nc6 7.Bb5 Nf6 8.Nd2 Be7
9.Ngf3 O-O 10.Qa4 Ng4 11.Bf4 Qb6 12.O-O Bc5 13.Bg3 Re8 14.b4 Bf8 15.c4 a6
16.Bxc6 Qxc6 17.Qxc6 bxc6 18.c5 a5 19.a3 Nf6 20.Nb3 a4 21.Nbd4 Bb7 22.Rfe1 g6
23.Rxe8 Rxe8 24.Ne5 Rc8 25.f3 Bg7 26.Rd1 Nh5 27.Nd7 Nxg3 28.hxg3 Re8 29.Kf2 h5
30.b5 cxb5 31.c6  1-0

[Event "Dutch Team Playoffs"]
[Site "Enschede NED"]
[Date "2002.05.09"]
[Round "1"]
[White "Ljubojevic,L"]
[Black "Hausrath,D"]
[Result "1-0"]
[WhiteElo "2548"]
[BlackElo "2474"]

1.d4 Nf6 2.c4 g6 3.g3 Bg7 4.Bg2 O-O 5.Nc3 d6 6.Nf3 c6 7.e4 Bg4 8.Be3 Qa5
9.h3 Bxf3 10.Bxf3 Nbd7 11.O-O e5 12.d5 cxd5 13.cxd5 Rfc8 14.Qe2 a6 15.Rfc1 h5
16.Kg2 Qd8 17.Qd2 Rc4 18.b3 Rc7 19.Rc2 Qf8 20.Rac1 Nc5 21.b4 Ncd7 22.Ne2 Rxc2
23.Rxc2 Ne8 24.g4 hxg4 25.hxg4 Qe7 26.g5 f5 27.gxf6 Ndxf6 28.Ng3 Qd7 29.Be2 Rc8
30.Rxc8 Qxc8 31.a4 Ng4 32.Bg5 Bf6 33.Qc1 Qd7 34.b5 axb5 35.Bxb5 Qh7 36.Bxe8 Qh2+
37.Kf3 Nxf2 38.Bxf6 Nd3 39.Qe3 Nf4 40.Qf2 Qh3 41.Bg5  1-0

[Event "TCh-NED Playoff"]
[Site "Enschede NED"]
[Date "2003.06.21"]
[Round "1"]
[White "Ljubojevic,L"]
[Black "Hausrath,D"]
[Result "0-1"]
[WhiteElo "2570"]
[BlackElo "2448"]

1.d4 Nf6 2.c4 g6 3.g3 Bg7 4.Bg2 O-O 5.Nc3 d6 6.Nf3 c6 7.h3 Qa5 8.Bd2 Qa6
9.b3 d5 10.cxd5 cxd5 11.Ne5 Nc6 12.Nxc6 Qxc6 13.Rc1 Qb6 14.e3 Bd7 15.Nxd5 Nxd5
16.Bxd5 e5 17.dxe5 Bxe5 18.Qf3 Rad8 19.Rd1 Bb5 20.Rc1 Rd6 21.Bb4 Rf6 22.Qe4 Re8
23.Bc5 Qa6 24.Qb4 b6 25.a4 Bc6 26.Bc4 bxc5 27.Qxc5 Qb6 28.Qxb6 axb6 29.O-O Rd6
30.Rfe1 Bb2 31.Rc2 Ba3 32.Bb5 Bxb5 33.axb5 Re5 34.Ra1 Bb4 35.Ra8+ Kg7 36.Rcc8 Rxb5
37.Rg8+ Kf6 38.Rh8 h5  0-1

[Event "TCh-NED"]
[Site "Enschede NED"]
[Date "2004.05.21"]
[Round "2"]
[White "Winants,L"]
[Black "Ljubojevic,L"]
[Result "1/2-1/2"]
[WhiteElo "2497"]
[BlackElo "2569"]

1.d4 Nf6 2.c4 e6 3.Nc3 Bb4 4.e3 O-O 5.Bd3 d5 6.Ne2 b6 7.cxd5 exd5 8.O-O Bb7
9.a3 Bd6 10.b4 Nbd7 11.b5 a6 12.bxa6 Bxa6 13.Bxa6 Rxa6 14.a4 Re8 15.h3 c6
16.Qd3 Ra7 17.Bb2 Nf8 18.Ba3 Bb8 19.Rfc1 Ne6 20.Rab1 h5 21.Qc2 h4 22.Qb3 Ra6
23.Kf1 Qd7 24.Ng1 Ng5 25.Qd1 Bc7 26.Bb4 Re6 27.Nf3 Nxf3 28.Qxf3 Ne4 29.Nxe4 dxe4
30.Qd1 Rg6 31.Qc2 Qd5 32.Be7 Rh6  1/2-1/2